ბათუმის შოთა რუსთაველის სახელმწიფო უნივერსიტეტის ბიბლიოთეკა

NAXÇİVAN ABİDƏLƏRİ ENSİKLOPEDİYASİ THE ENCYCLOPAEDİA OF NAKHCHİVAN MONUMENTS (ბიბ.ჩანაწერი № 36446)

000 -LEADER
fixed length control field 00652nam a2200193Ia 4500
001 - CONTROL NUMBER
control field 2361
003 - CONTROL NUMBER IDENTIFIER
control field GE_BSU
005 - DATE AND TIME OF LATEST TRANSACTION
control field 20221027103246.0
008 - FIXED-LENGTH DATA ELEMENTS--GENERAL INFORMATION
fixed length control field 181216s2008az xx |||||||||||||| ||aze||
040 ## - CATALOGING SOURCE
Transcribing agency GE_BSU
041 ## - LANGUAGE CODE
Language code of text/sound track or separate title aze
082 ## - DEWEY DECIMAL CLASSIFICATION NUMBER
Edition number 94(479.24) N-32
245 ## - TITLE STATEMENT
Title NAXÇİVAN ABİDƏLƏRİ ENSİKLOPEDİYASİ THE ENCYCLOPAEDİA OF NAKHCHİVAN MONUMENTS
264 ## - PRODUCTION, PUBLICATION, DISTRIBUTION, MANUFACTURE, AND COPYRIGHT NOTICE
Place of production, publication, distribution, manufacture NAXÇİVAN,
Date of production, publication, distribution, manufacture, or copyright notice 2008.
300 ## - PHYSICAL DESCRIPTION
Extent 519 c:.
653 ## - INDEX TERM--UNCONTROLLED
keyword NAXÇİVAN ABİDƏLƏRİ ENSİKLOPEDİYASİ THE ENCYCLOPAEDİA OF NAKHCHİVAN MONUMENTS
653 ## - INDEX TERM--UNCONTROLLED
keyword ნახიჩევანის ძეგლების ენციკლოპედია
942 ## - ADDED ENTRY ELEMENTS (KOHA)
Koha item type წიგნი
Source of classification or shelving scheme
ეგზემპლარები
Withdrawn status Lost status Source of classification or shelving scheme Damaged status Not for loan Permanent Location Current Location Shelving location Date acquired Cost, normal purchase price Full call number Barcode Date last seen Copy number Price effective from Koha item type Public note
          ბათუმის შოთა რუსთაველის სახელმწიფო უნივერსიტეტის მთავარი ბიბლიოთეკა ბათუმის შოთა რუსთაველის სახელმწიფო უნივერსიტეტის მთავარი ბიბლიოთეკა წიგნსაცავი 2018-12-17 30.00 32(479.24) A-36 4531 2018-12-17 4531 2018-12-17 წიგნი 30.00